[Event "Mechanics' Litowsky TNM; 30/90, SD/30"]
[Site "San Francisco"]
[Date "2011.08.30"]
[Round "5.9"]
[White "Abraham, Renjish"]
[Black "Grey, Peter"]
[Result "1/2-1/2"]
[WhiteElo "1860"]
[BlackElo "2005"]
[PlyCount "120"]
[EventDate "2011.??.??"]

1. c4 Nf6 2. Nc3 c5 3. g3 d5 4. cxd5 Nxd5 5. Bg2 Nc7 6. Nf3 Nc6 7. O-O e5 8. b3
Be7 9. Bb2 O-O 10. Rc1 f6 11. d3 Be6 12. Nd2 Qd7 13. Re1 Rac8 14. Nc4 Rfd8 15.
Ne3 Rb8 16. Ne4 b6 17. Nc2 Nd5 18. Nc3 Ncb4 19. Nxb4 Nxb4 20. a3 Nc6 21. Nb1
Na5 22. Nd2 Bf8 23. Bc3 Nc6 24. Rb1 b5 25. b4 cxb4 26. axb4 Rbc8 27. Rb2 Nd4
28. Ne4 f5 29. Nc5 Bxc5 30. bxc5 Rxc5 31. Bb4 Rcc8 32. Qd2 Nb3 33. Qe3 Qd4 34.
Qxd4 Rxd4 35. Be7 a5 36. e3 Rxd3 37. Bf1 Rd7 38. Bh4 b4 39. Bb5 Rd2 40. Reb1
Rxb2 41. Rxb2 Kf7 42. f4 e4 43. Kf2 Nc1 44. Ke1 Rc3 45. Bd8 Nd3+ 46. Bxd3 Rxd3
47. Bxa5 Rxe3+ 48. Re2 Rxe2+ 49. Kxe2 b3 50. Bc3 g6 51. Ke3 Ke7 52. g4 Kd6 53.
Kd4 Kc6 54. g5 Kb5 55. h3 Ka4 56. Bb2 Kb4 57. h4 Bc4 58. Ke3 Ba6 59. Kd4 Bb5
60. Ke3 Kc4 1/2-1/2

[Event "Mechanics' Litowsky TNM; 30/90, SD/30"]
[Site "San Francisco"]
[Date "2011.09.06"]
[Round "6.22"]
[White "Allen, Tom"]
[Black "Bayaraa, Chinguun"]
[Result "1-0"]
[WhiteElo "1551"]
[BlackElo "1172"]
[PlyCount "85"]
[EventDate "2011.??.??"]

1. e4 c5 2. d4 cxd4 3. c3 dxc3 4. Nxc3 d6 5. Nf3 Nc6 6. Bc4 e6 7. O-O Be7 8.
Qe2 a6 9. Rd1 Qc7 10. Bf4 e5 11. Nd5 Qb8 (11... Qd8 12. Be3) 12. Be3 Bd8 13.
Nb6 Bxb6 14. Bxb6 Nf6 15. Rd2 O-O 16. Rad1 Ne8 17. Ng5 h6 18. Nxf7 Rxf7 19. Qh5
Nf6 20. Qxf7+ Kh7 21. Rxd6 Bg4 22. f3 Bh5 23. Qe6 Qf8 24. Bd5 Nxd5 25. R1xd5
Re8 26. Qf5+ Qxf5 27. exf5 Bf7 28. Rd2 Bxa2 29. Rd7 Bc4 30. Rxb7 Bb5 31. Rdd7
Rg8 32. f6 Kh8 33. Rxg7 Rxg7 34. Rxg7 Bc4 35. Rc7 Bd5 36. Bc5 a5 37. Rxc6 Bxc6
38. f7 Kh7 39. f8=Q Kg6 40. g4 Kh7 41. Qf7+ Kh8 42. Bf8 Bb5 43. Qg7# 1-0

[Event "Mechanics' LitowskyTNM; 30/90, SD/30"]
[Site "San Francisco"]
[Date "2011.08.02"]
[Round "1"]
[White "Allen, Tom"]
[Black "Delmonico, Nils"]
[Result "1/2-1/2"]
[WhiteElo "1551"]
[BlackElo "1934"]
[PlyCount "107"]
[EventDate "2011.??.??"]

1. e4 e6 2. d4 d5 3. Nd2 Be7 4. e5 c5 5. Bb5+ Bd7 6. Bxd7+ Qxd7 7. Ndf3 cxd4 8.
Qxd4 Nc6 9. Qg4 Bf8 10. Ne2 Nge7 11. O-O Ng6 12. Bf4 Rc8 13. c3 Qc7 14. Qg3 Qb6
15. Rab1 Be7 16. Be3 Qa5 17. a3 Qc7 18. Bd4 b6 19. b4 Bd8 20. Rbc1 Nce7 21. Nd2
b5 22. f4 Nf5 23. Qd3 a6 24. Nb3 h5 25. Nc5 Qc6 26. Bf2 Nge7 27. Nd4 Nxd4 28.
cxd4 Nf5 29. Nb3 Qd7 30. Rxc8 Qxc8 31. Rc1 Qd7 32. Qc2 g5 33. Qc6 gxf4 34.
Qxd7+ Kxd7 35. Nc5+ Ke8 36. Nxa6 Rg8 37. Nc7+ Bxc7 38. Rxc7 Kd8 39. Rb7 Kc8 40.
Rxb5 f3 41. g3 h4 42. Rc5+ Kb7 43. Rc3 hxg3 44. hxg3 Nxg3 45. Bxg3 Rxg3+ 46.
Kf2 Rg4 47. Rxf3 Rxd4 48. Rxf7+ Kc6 49. Rf3 Kb5 50. Rc3 Rc4 51. Re3 Rh4 52. Kg3
Rh5 53. Kg4 Rf5 54. Kg3 1/2-1/2

[Event "Mechanics' Litowsky TNM; 30/90, SD/30"]
[Site "San Francisco"]
[Date "2011.08.16"]
[Round "3.20"]
[White "Allen, Tom"]
[Black "Standen, Julian"]
[Result "0-1"]
[WhiteElo "1551"]
[BlackElo "1668"]
[PlyCount "60"]
[EventDate "2011.??.??"]

1. e4 c6 2. Nc3 d5 3. Nf3 e6 4. d4 dxe4 5. Nxe4 Nd7 6. Bd3 Ngf6 7. Bg5 Be7 8.
O-O Nxe4 9. Bxe7 Qxe7 10. Bxe4 O-O 11. c4 Nf6 12. Bd3 b6 13. Qc2 Bb7 14. Rfe1
Rfd8 15. Re5 g6 16. Qd2 Kg7 17. Qg5 Ng8 18. Qg3 Rd6 19. Rae1 Nf6 20. Nh4 Kh8
21. Rg5 Qf8 22. Bxg6 Rxd4 23. Bd3 Rad8 24. Re3 Qh6 25. Rge5 Rxd3 26. Nf3 Rxe3
27. Rxe3 c5 28. Qc7 Rd1+ 29. Ne1 Be4 30. Qxf7 Qg7 0-1

[Event "Mechanics' Litowsky TNM; 30/90, SD/30"]
[Site "San Francisco"]
[Date "2011.09.27"]
[Round "9.7"]
[White "Anderson, Michael"]
[Black "Byambaa, Uyanga"]
[Result "1/2-1/2"]
[WhiteElo "1917"]
[BlackElo "2073"]
[PlyCount "84"]
[EventDate "2011.??.??"]

1. d4 f5 2. Nf3 Nf6 3. Bg5 g6 4. Bxf6 exf6 5. Nbd2 d5 6. e3 Be6 7. Bd3 Nc6 8.
c3 Bd6 9. Qc2 Qd7 10. b4 g5 11. Nb3 b6 12. a4 Kf7 13. a5 Rae8 14. b5 Ne7 15.
axb6 axb6 16. Nfd2 f4 17. e4 dxe4 18. Nxe4 Nd5 19. Nxd6+ cxd6 20. O-O Rc8 21.
Qe2 Nxc3 22. Qh5+ Kg7 23. Nd2 Bg4 24. Ra7 Qxa7 25. Qxg4 Rce8 26. Nf3 Qe7 27.
Nh4 Qe6 28. Nf5+ Kf8 29. Qh5 h6 30. Qg6 Qf7 31. Qxf7+ Kxf7 32. Nxd6+ Kg7 33.
Nxe8+ Rxe8 34. Ra1 Ne2+ 35. Kf1 Nxd4 36. Ra7+ Kf8 37. Rd7 Nb3 38. Bc4 Na5 39.
Rf7+ Kg8 40. Re7+ Kf8 41. Rf7+ Kg8 42. Re7+ Kf8 1/2-1/2

[Event "Mechanics' Litowsky TNM; 30/90, SD/30"]
[Site "San Francisco"]
[Date "2011.09.13"]
[Round "7.6"]
[White "Anderson, Michael"]
[Black "Jones, James"]
[Result "0-1"]
[WhiteElo "1917"]
[BlackElo "2078"]
[PlyCount "84"]
[EventDate "2011.??.??"]

1. e4 c5 2. Nf3 d6 3. c3 Nf6 4. d3 g6 5. g3 Bg7 6. Bg2 Nc6 7. O-O O-O 8. Nbd2
Bd7 9. Re1 Rb8 10. Nf1 b5 11. e5 Ng4 12. exd6 exd6 13. h3 Nge5 14. Nxe5 Nxe5
15. f4 Nc6 16. Ne3 b4 17. Bd2 bxc3 18. bxc3 Qa5 19. Nc4 Qc7 20. Qf3 Na5 21. Ne3
Bc6 22. Nd5 Bxd5 23. Qxd5 Rb2 24. Rad1 Rxd2 25. Rxd2 Bxc3 26. Rde2 Bxe1 27.
Rxe1 Rc8 28. f5 Nc6 29. f6 Ne5 30. Re4 Rb8 31. d4 cxd4 32. Rxd4 Rd8 33. Kh2 Qd7
34. Qb7 Qe6 35. Qxa7 Qxf6 36. Rf4 Rd7 37. Rxf6 Rxa7 38. Bd5 Ra6 39. g4 Kg7 40.
Rf2 Ra5 41. Rd2 Kf6 42. Bb3 $4 Nf3+ 0-1

[Event "Mechanics' Litowsky TNM; 30/90, SD/30"]
[Site "San Francisco"]
[Date "2011.08.09"]
[Round "2.1"]
[White "Anderson, Michael"]
[Black "Lee, Andy"]
[Result "0-1"]
[WhiteElo "1917"]
[BlackElo "2267"]
[Annotator "Donaldson"]
[PlyCount "38"]
[EventDate "2011.??.??"]

1. e4 e5 2. Nf3 Nc6 3. Bc4 Nf6 4. Ng5 d5 5. exd5 Na5 6. Bb5+ c6 7. dxc6 bxc6 8.
Bd3 Bd6 9. Nc3 O-O 10. O-O Nb7 11. Be2 h6 12. Nge4 Nxe4 13. Nxe4 Bc7 14. d3 f5
15. Nc3 Nc5 16. Bf3 Qd6 17. Nb5 cxb5 18. Bxa8 Be6 19. b4 Nd7 {A premature
resignation by White. After 20.Bf3 e4 21.g3 exf3 22.Bf4 Qc6 23.Bxc7 Qxc7 24.
Re1 Bd5, Black is better but there is still a lot of fight in the position.}
0-1

[Event "Mechanics' Litowsky TNM; 30/90, SD/30"]
[Site "San Francisco"]
[Date "2011.09.06"]
[Round "6.9"]
[White "Anderson, Michael"]
[Black "Miller, David"]
[Result "1-0"]
[WhiteElo "1917"]
[BlackElo "1788"]
[PlyCount "65"]
[EventDate "2011.??.??"]

1. e4 e5 2. Nf3 Nf6 3. Nxe5 Nxe4 4. d4 d5 5. Bd3 Nd7 6. O-O Be7 7. c4 Nxe5 8.
dxe5 Nc5 9. cxd5 Nxd3 10. Qxd3 O-O 11. Rd1 Bg4 12. f3 Bh5 13. Be3 Re8 14. Nc3
Bb4 15. Bf4 Bc5+ 16. Kh1 Qh4 17. Bg3 Qb4 18. Ne4 Bg6 19. Qc3 Qxc3 20. bxc3 Bb6
21. c4 f5 22. Nc3 Ba5 23. Ne2 Re7 24. Rac1 h6 25. Nd4 Bh7 26. f4 g5 27. c5 Kf7
28. Rc4 c6 29. d6 Re6 30. Rb1 b5 31. cxb6 Bxb6 32. Nxe6 Kxe6 33. Rxc6 1-0

[Event "Mechanics' Litowsky TNM; 30/90, SD/30"]
[Site "San Francisco"]
[Date "2011.09.20"]
[Round "8.7"]
[White "Banik, Siddharth"]
[Black "Todortsev, Victor"]
[Result "0-1"]
[WhiteElo "1892"]
[BlackElo "1920"]
[PlyCount "84"]
[EventDate "2011.??.??"]

1. e4 e5 2. Nf3 Nc6 3. Bc4 Nf6 4. d3 Be7 5. O-O d6 6. c3 a6 7. Bb3 Bg4 8. Re1
O-O 9. Nbd2 Na5 10. Bc2 c5 11. Nf1 Nc6 12. h3 Bh5 13. Ng3 Bg6 14. d4 cxd4 15.
cxd4 Rc8 16. Bg5 Nh5 17. Bxe7 Qxe7 18. Nf5 Bxf5 19. exf5 Nf4 20. Qd2 h6 21. d5
Nb8 22. Qxf4 Rxc2 23. Qb4 Rfc8 24. Nxe5 Qf6 25. Ng4 Qxb2 26. Qxd6 h5 27. Rab1
Qc3 28. Ne5 Qd2 29. Rf1 b5 30. f6 Qg5 31. fxg7 Rxa2 32. Nxf7 Qxg7 33. Qe6 Rf8
34. Ne5+ Kh7 35. d6 Re2 36. Rbe1 Rfxf2 37. Rxf2 Rxe1+ 38. Rf1 Rxe5 39. Qb3 Qg5
40. Rf7+ Kh6 41. Qc2 Re1+ 42. Rf1 Qe3+ 0-1

[Event "Mechanics' Litowsky TNM; 30/90, SD/30"]
[Site "San Francisco"]
[Date "2011.08.09"]
[Round "2.14"]
[White "Bannik, Siddarth"]
[Black "Allen, Tom"]
[Result "1-0"]
[WhiteElo "1892"]
[BlackElo "1551"]
[PlyCount "89"]
[EventDate "2011.??.??"]

1. e4 e5 2. Nf3 Nc6 3. Bc4 Nf6 4. d3 d5 5. exd5 Nxd5 6. h3 Be7 7. O-O O-O 8.
Re1 Bf6 9. Nbd2 Be6 10. Ne4 Re8 11. Nfg5 h6 12. Nxe6 fxe6 13. Qg4 Kh7 14. Be3
Nd4 15. Bxd4 exd4 16. Nc5 Qc8 17. Nxe6 Ne7 18. Re2 Ng6 19. Qf5 Re7 20. Rae1 Qd7
21. g3 Rf7 22. h4 Bxh4 23. Qxf7 Qxf7 24. Ng5+ Bxg5 25. Bxf7 Rf8 26. Bxg6+ Kxg6
27. f4 Bd8 28. Re5 b6 29. b4 c6 30. a3 Kf7 31. R1e4 Bf6 32. Re6 Rc8 33. Rd6 Rc7
34. Re2 c5 35. bxc5 bxc5 36. Ra6 Bd8 37. Re5 Be7 38. Kg2 Rb7 39. Kf3 Bf8 40.
Ke4 Kg8 41. a4 Rb2 42. Rxa7 Rxc2 43. Ra8 Re2+ 44. Kd5 Rxe5+ 45. fxe5 1-0

[Event "Mechanics' Litowsky TNM; 30/90, SD/30"]
[Site "San Francisco"]
[Date "2011.09.13"]
[Round "7.7"]
[White "Bannik, Siddarth"]
[Black "Byambaa, Uyanga"]
[Result "1-0"]
[WhiteElo "1892"]
[BlackElo "2073"]
[Annotator "Donaldson"]
[PlyCount "95"]
[EventDate "2011.??.??"]

1. e4 d5 2. exd5 Nf6 3. d4 Nxd5 4. c4 Nb6 5. Nc3 $5 (5. Nf3) 5... Nc6 (5... e5
$1) 6. Be3 Bf5 7. Be2 e5 8. d5 Nb4 9. Rc1 e4 10. c5 $2 N6xd5 11. Nxd5 Nxd5 12.
Qa4+ c6 13. Rd1 Be7 14. Ba6 Bc8 $1 15. Ne2 O-O 16. Bc4 Be6 17. Nf4 b5 $1 18.
cxb6 axb6 19. Nxe6 Rxa4 20. Nxd8 Nxe3 21. Bxf7+ Rxf7 22. fxe3 Rf6 23. a3 Ra8
24. Nb7 Kf8 $2 (24... Rb8 25. Rd7 Rf7 {followed by ...Bf8 traps the knight.}
26. Ke2 Bf8 27. Rhd1) 25. Rf1 Rxf1+ 26. Kxf1 Rb8 27. Rd7 Ke8 28. Rc7 c5 29. b3
h5 30. a4 g6 31. Ke2 g5 32. Kd2 Kf8 33. Kc2 g4 34. a5 bxa5 35. Nxc5 Rb4 36.
Ne6+ Kf7 37. Nd8+ Ke8 38. Nc6 (38. Rxe7+ Kxe7 39. Nc6+ Kd6 40. Nxb4 axb4 $1 {
draw}) 38... Bd6 39. Rh7 Rb5 40. Nd4 Rc5+ 41. Kb2 Bxh2 42. Ne6 Be5+ 43. Kb1 Rc6
44. Ng5 Rc3 45. Rxh5 Rxb3+ 46. Kc2 a4 $2 (46... Rxe3 {was easily winning.}) 47.
Nxe4 Rb5 $4 48. Nd6+ 1-0

[Event "Mechanics' Litowsky TNM; 30/90, SD/30"]
[Site "San Francisco"]
[Date "2011.08.23"]
[Round "4.15"]
[White "Bannik, Siddarth"]
[Black "Thomas, Melvin E"]
[Result "1-0"]
[WhiteElo "1892"]
[BlackElo "1606"]
[PlyCount "67"]
[EventDate "2011.??.??"]

1. e4 c5 2. Nf3 d6 3. d4 cxd4 4. Nxd4 Nf6 5. Nc3 a6 6. f4 e6 7. Qf3 Qc7 8. Bd3
Be7 9. g4 Nc6 10. Nde2 b5 11. g5 Nd7 12. b3 Bb7 13. Bb2 Nb4 14. O-O Nc5 15.
Rac1 Qb6 16. Kh1 d5 17. Qf2 Rb8 18. exd5 Nxd5 19. Nxd5 Bxd5+ 20. Kg1 O-O 21.
Bd4 Qc6 22. f5 e5 23. f6 Bd6 24. fxg7 Rfe8 25. Bf5 Rb7 26. Qh4 Kxg7 27. Qxh7+
Kf8 28. g6 exd4 29. g7+ Ke7 30. Nxd4 Bxh2+ 31. Qxh2 Qf6 32. Rce1+ Ne6 33. Nc6+
Kd7 34. Bxe6+ 1-0

[Event "Mechanics' Litowsky TNM; 30/90, SD/30"]
[Site "San Francisco"]
[Date "2011.09.06"]
[Round "6.23"]
[White "Barrow, Lyle"]
[Black "Clark, Thomas"]
[Result "0-1"]
[WhiteElo "1470"]
[BlackElo "1305"]
[PlyCount "112"]
[EventDate "2011.??.??"]

1. e4 e6 2. d3 d5 3. Nc3 d4 4. Nce2 e5 5. Nf3 Nc6 6. a3 a5 7. Ng3 Bd6 8. Be2
Nf6 9. Bg5 Be7 10. Bd2 h6 11. O-O Be6 12. Ne1 Qd7 13. f4 Bg4 14. f5 h5 15. h3
Bxe2 16. Qxe2 h4 17. Nh1 Nh5 18. Qg4 O-O-O 19. b4 a4 20. Qe2 g6 21. f6 Bxf6 22.
Qf3 Qd6 23. Qg4+ Kb8 24. Nf3 Nf4 25. Bxf4 exf4 26. Nd2 Be5 27. Nc4 Qe7 28. Nxe5
Nxe5 29. Qxf4 g5 30. Qf6 Qxf6 31. Rxf6 Rd7 32. Rf5 Re7 33. Rxg5 f6 34. Rf5 Nd7
35. Rd5 Rg8 36. Nf2 Rg3 37. Ng4 c6 38. Rh5 Ne5 39. Nxe5 fxe5 40. Rxh4 Kc7 41.
Re1 Rg6 42. Rf1 Kd6 43. Rg4 Rh6 44. Rf5 b5 45. Rfg5 c5 46. bxc5+ Kxc5 47. Rf5
b4 48. axb4+ Kxb4 49. Rf1 Kc3 50. Ra1 Ra6 51. h4 a3 52. h5 Kb2 53. Rf1 a2 54.
h6 a1=Q 55. Rxa1 Rxa1+ 56. Kh2 Rh7 0-1

[Event "Mechanics' Litowsky TNM; 30/90, SD/30"]
[Site "San Francisco"]
[Date "2011.08.30"]
[Round "5.22"]
[White "Barrow, Lyle"]
[Black "Hilliard, Michael"]
[Result "1/2-1/2"]
[WhiteElo "1470"]
[BlackElo "1448"]
[PlyCount "120"]
[EventDate "2011.??.??"]

1. e4 c6 2. d4 d5 3. Nc3 dxe4 4. Nxe4 Nd7 5. Nf3 Ngf6 6. Ng3 e6 7. Bd3 c5 8.
dxc5 Bxc5 9. O-O O-O 10. h3 Qc7 11. Kh1 Rd8 12. Qe2 Nb6 13. Bg5 Nbd5 14. Ne4
Be7 15. Nxf6+ Nxf6 16. Rad1 Nd5 17. Qe4 g6 18. Bxe7 Qxe7 19. a3 Bd7 20. h4 Bc6
21. Qg4 Qf6 22. Qg5 Qxg5 23. Nxg5 Nf4 24. Be4 Nd5 25. c4 Ne7 26. Bxc6 Nxc6 27.
Nf3 f6 28. Rfe1 e5 29. Rd5 Ne7 30. Rdd1 Nf5 31. g4 Nd4 32. Nxd4 exd4 33. Rd3
Rd7 34. Red1 Rad8 35. Kg2 Kf7 36. Re1 f5 37. g5 Re7 38. Rxe7+ Kxe7 39. f4 Ke6
40. Kf3 Rd6 41. Ke2 Kd7 42. Kd2 Kc6 43. b4 b6 44. Kc2 a5 45. Rd1 axb4 46. axb4
Rd7 47. Rd2 b5 48. c5 Kd5 49. Kd3 Ra7 50. Re2 Ra3+ 51. Kd2 Rb3 52. Re5+ Kc6 53.
Re6+ Kd7 54. Rd6+ Kc7 55. Rxd4 Rb2+ 56. Kc3 Rh2 57. Rd2 Rxh4 58. Rf2 Rh3+ 59.
Kc2 Re3 60. Kd2 Kc6 1/2-1/2

[Event "Mechanics' Litowsky TNM; 30/90, SD/30"]
[Site "San Francisco"]
[Date "2011.08.09"]
[Round "2.19"]
[White "Barrow, Lyle"]
[Black "Newey, Richard"]
[Result "0-1"]
[WhiteElo "1470"]
[BlackElo "1739"]
[PlyCount "40"]
[EventDate "2011.??.??"]

1. e4 g6 2. Nc3 Bg7 3. Nf3 c5 4. Bc4 e6 5. O-O Ne7 6. Re1 O-O 7. Qe2 Nbc6 8. a3
a6 9. Nd1 b5 10. Ba2 d5 11. d3 Bb7 12. Rb1 c4 13. exd5 exd5 14. dxc4 dxc4 15.
Bd2 Nf5 16. Bc3 Ncd4 17. Nxd4 Nxd4 18. Bxd4 Bxd4 19. Ne3 Qg5 20. Qg4 Bxe3 0-1

[Event "Mechanics' Litowsky TNM; 30/90, SD/30"]
[Site "San Francisco"]
[Date "2011.09.13"]
[Round "7.24"]
[White "Bayaraa, Chinguun"]
[Black "Brown, Nicholas"]
[Result "0-1"]
[WhiteElo "1172"]
[BlackElo "1444"]
[PlyCount "130"]
[EventDate "2011.??.??"]

1. e4 c6 2. d4 d5 3. exd5 cxd5 4. Be3 Nf6 5. Nf3 Bg4 6. Be2 e6 7. h3 Bh5 8. Nc3
Bd6 9. O-O O-O 10. Nd2 Bxe2 11. Qxe2 Nbd7 12. Nb3 a6 13. Rad1 Rc8 14. a3 Bxa3
15. bxa3 Rxc3 16. Qd2 Rc8 17. Ra1 Ne4 18. Qe2 Ndf6 19. Rfc1 Rc6 20. Nd2 Qd7 21.
Nxe4 Nxe4 22. Qd1 Rfc8 23. Qg4 g6 24. Bf4 Qe7 25. Qe2 Rc4 26. Qd3 Nd6 27. Ra2
Nf5 28. c3 Nd6 29. Rac2 Nb5 30. a4 Rxa4 31. Bd2 Na3 32. Rb2 Nc4 33. Rbc2 Nxd2
34. Rxd2 Rac4 35. Rdc2 Qc7 36. Qd2 b5 37. Ra2 Rxc3 38. Rxc3 Qxc3 39. Qxc3 Rxc3
40. Rxa6 Rc4 41. Rb6 Rxd4 42. Rxb5 Kg7 43. Kf1 Rc4 44. Rb1 Rc7 45. Ke2 Rd7 46.
Rd1 e5 47. f3 f5 48. Ke3 f4+ 49. Kf2 d4 50. Ke2 Kf6 51. Kd2 Ra7 52. Kd3 Kf5 53.
Rb1 Ra2 54. Rg1 Ra3+ 55. Ke2 e4 56. fxe4+ Kxe4 57. Rb1 Ra2+ 58. Kf1 d3 59. Re1+
Kd4 60. Rd1 Ke3 61. Re1+ Re2 62. Ra1 Rf2+ 63. Kg1 d2 64. h4 Ke2 65. Rb1 f3 0-1

[Event "Mechanics' Litowsky TNM; 30/90, SD/30"]
[Site "San Francisco"]
[Date "2011.09.20"]
[Round "8.23"]
[White "Bayaraa, Chinguun"]
[Black "Frank, Robert"]
[Result "0-1"]
[WhiteElo "1172"]
[BlackElo "1375"]
[PlyCount "76"]
[EventDate "2011.??.??"]

1. e4 e5 2. Nf3 Nf6 3. d3 d6 4. Nc3 c6 5. Bd2 Bg4 6. Be2 Nbd7 7. h3 Be6 8. Ng5
Be7 9. Nxe6 fxe6 10. O-O d5 11. exd5 exd5 12. Bf3 O-O 13. Re1 d4 14. Ne2 a5 15.
Ng3 Nc5 16. Rxe5 Bd6 17. Re1 Qc7 18. Kh2 Rae8 19. Rxe8 Rxe8 20. Qf1 a4 21. a3
Bf4 22. Bb4 Ne6 23. Re1 c5 24. Bxc5 $4 Nxc5 25. Rxe8+ Nxe8 26. Qe2 Qe5 27. Qd1
Nf6 28. Qf1 b5 29. Qd1 Ne6 30. Qf1 Kf7 31. Qd1 g6 32. Qf1 h5 33. Kg1 Bxg3 34.
fxg3 Qxg3 35. Qe2 Nf4 36. Qf1 Nxh3+ 37. Kh1 Nf4 38. Kg1 g5 0-1

[Event "Mechanics' Litowsky TNM; 30/90, SD/30"]
[Site "San Francisco"]
[Date "2011.08.16"]
[Round "3.17"]
[White "Bayaraa, Chinguun"]
[Black "Ganem, Paul"]
[Result "0-1"]
[WhiteElo "1172"]
[BlackElo "1845"]
[PlyCount "90"]
[EventDate "2011.??.??"]

1. d4 Nf6 2. c4 g6 3. e3 Bg7 4. Nc3 d5 5. a3 O-O 6. b4 e5 7. dxe5 Ng4 8. Be2
Bxe5 9. Bb2 Nf6 10. Nf3 Bd6 11. O-O Nc6 12. cxd5 Ne5 13. Nxe5 Bxe5 14. Rb1 Bf5
15. Bd3 Bxd3 16. Qxd3 Nd7 17. f4 Bg7 18. e4 a5 19. bxa5 Rxa5 20. Qd2 b6 21. Ne2
Bxb2 22. Qxb2 Qe7 23. Ng3 Qxa3 24. Qxa3 Rxa3 25. f5 f6 26. fxg6 hxg6 27. Kf2
Kf7 28. Ra1 Rfa8 29. Rxa3 Rxa3 30. Re1 Ke7 31. Re3 Ra2+ 32. Re2 Rxe2+ 33. Kxe2
Kd6 34. Kd3 Kc5 35. Kc3 b5 36. Ne2 b4+ 37. Kb3 Ne5 38. h3 Nc4 39. Ka2 Nd2 40.
Ng3 Kd4 41. Kb2 Nxe4 42. Nxe4 Kxe4 43. Kb3 Kxd5 44. Kxb4 Kd4 45. Kb5 c5 0-1

[Event "Mechanics' Litowsky TNM; 30/90, SD/30"]
[Site "San Francisco"]
[Date "2011.09.20"]
[Round "8.20"]
[White "Brown, Nicholas"]
[Black "Allen, Tom"]
[Result "1-0"]
[WhiteElo "1444"]
[BlackElo "1551"]
[PlyCount "69"]
[EventDate "2011.??.??"]

1. d4 d5 2. c4 e5 3. dxe5 d4 4. e3 Bb4+ 5. Bd2 dxe3 6. fxe3 Qh4+ $6 (6... Nc6
$1) 7. g3 Qe4 8. Qf3 Bxd2+ 9. Nxd2 Qxe5 10. Qe4 Nc6 11. Ngf3 Qxe4 12. Nxe4 Nge7
13. a3 O-O 14. Bd3 Nf5 15. Kf2 Re8 16. Rhe1 Bd7 17. Nc5 Bc8 18. Nxb7 Bxb7 19.
Bxf5 Rad8 20. Bc2 Na5 21. b3 c5 22. Rad1 Bc8 23. Rxd8 Rxd8 24. Rd1 Re8 25. Nd2
Bg4 26. Nf3 f6 27. Rd2 Be6 28. Ne1 Nc6 29. Be4 Ne5 30. Kg1 Rb8 31. Bc2 a5 32.
Rd6 Bxc4 33. bxc4 Nxc4 34. Rc6 Rb5 35. Bd3 1-0

[Event "Mechanics' Litowsky TNM; 30/90, SD/30"]
[Site "San Francisco"]
[Date "2011.08.30"]
[Round "5.23"]
[White "Brown, Nicholas"]
[Black "Frank, Robert"]
[Result "1-0"]
[WhiteElo "1444"]
[BlackElo "1375"]
[PlyCount "63"]
[EventDate "2011.??.??"]

1. d4 Nf6 2. c4 e6 3. Nf3 Bb4+ 4. Nc3 c5 5. e3 Nc6 6. Bd3 cxd4 7. exd4 d5 8.
O-O dxc4 9. Bxc4 a6 10. Bg5 h6 11. Be3 b5 12. Bd3 O-O 13. Ne4 Nd5 14. Rc1 Nce7
15. a3 Ba5 16. b4 Bb6 17. Bd2 Nf5 18. Nc5 Nc7 19. Bxf5 exf5 20. Bc3 a5 21. Qd2
axb4 22. Bxb4 Ne6 23. Nxe6 fxe6 24. Bxf8 Qxf8 25. Qb4 Ba6 26. Qxf8+ Rxf8 27.
Rc6 Rb8 28. Rxe6 b4 29. Rb1 Kf7 30. Ree1 bxa3 31. Ne5+ Kg8 32. Nd7 1-0

[Event "Mechanics' Litowsky TNM; 30/90, SD/30"]
[Site "San Francisco"]
[Date "2011.08.09"]
[Round "2.21"]
[White "Brown, Nicholas"]
[Black "Litowsky, Daniel"]
[Result "0-1"]
[WhiteElo "1444"]
[BlackElo "1700"]
[PlyCount "48"]
[EventDate "2011.??.??"]

1. d4 d5 2. c4 c6 3. Nf3 Nf6 4. e3 Bf5 5. Nc3 e6 6. cxd5 exd5 7. Be2 Bd6 8. O-O
Nbd7 9. Re1 O-O 10. Bd3 Bxd3 11. Qxd3 Re8 12. e4 dxe4 13. Nxe4 Nxe4 14. Rxe4
Rxe4 15. Qxe4 Nf6 16. Qc2 Nd5 17. a3 h6 18. Bd2 Qf6 19. Re1 Nf4 20. Bxf4 Qxf4
21. Re4 Qf6 22. Qe2 Qf5 23. g3 Rd8 24. Qc2 Qxf3 0-1

[Event "Mechanics' Litowsky TNM; 30/90, SD/30"]
[Site "San Francisco"]
[Date "2011.08.23"]
[Round "4.24"]
[White "Brown, Nicholas"]
[Black "Yamamoto, Craig"]
[Result "0-1"]
[WhiteElo "1444"]
[BlackElo "1608"]
[PlyCount "58"]
[EventDate "2011.??.??"]

1. d4 d5 2. c4 e6 3. Nf3 dxc4 4. e4 c5 5. Bxc4 cxd4 6. Qxd4 Qxd4 7. Nxd4 a6 8.
O-O b5 9. Bb3 Bb7 10. e5 Bc5 11. Be3 Nd7 12. f4 Ne7 13. Nc2 Nf5 14. Bxc5 Nxc5
15. Nc3 Nxb3 16. axb3 O-O 17. Rfe1 Rfd8 18. Rad1 Rac8 19. Ne3 Nxe3 20. Rxe3
Rxd1+ 21. Nxd1 Rd8 22. Nc3 Rd2 23. Re2 Rd3 24. Nb1 Rd1+ 25. Kf2 Rxb1 26. Rd2 g6
27. g3 Bd5 28. b4 Rc1 29. g4 Rc4 0-1

[Event "Mechanics' Litowsky TNM; 30/90, SD/30"]
[Site "San Francisco"]
[Date "2011.08.23"]
[Round "4.2"]
[White "Byambaa, Uyanga"]
[Black "Rumph, Todd"]
[Result "0-1"]
[WhiteElo "2073"]
[BlackElo "2159"]
[PlyCount "56"]
[EventDate "2011.??.??"]

1. e4 e5 2. Nf3 Nc6 3. Bc4 Nf6 4. d3 Bc5 5. Nc3 a6 6. Bg5 h6 7. Bh4 g5 8. Bg3
d6 9. a3 Qe7 10. h4 g4 11. Nd2 h5 12. Nb3 Ba7 13. Rf1 Be6 14. Bxe6 Qxe6 15. Qd2
O-O-O 16. O-O-O d5 17. exd5 Nxd5 18. Rde1 f6 19. f4 gxf3 20. Rxf3 Qg4 21. Re4
Qg6 22. Nxd5 Rxd5 23. Bf2 f5 24. Rc4 e4 25. Rg3 Qd6 26. Rg7 Qe5 27. Rf7 e3 28.
Qe1 exf2 0-1

[Event "Mechanics' Litowsky TNM; 30/90, SD/30"]
[Site "San Francisco"]
[Date "2011.08.09"]
[Round "2.5"]
[White "Byambaa, Uyanga"]
[Black "Shnaiderman, Lazar"]
[Result "1-0"]
[WhiteElo "2073"]
[BlackElo "1902"]
[Annotator "Donaldson"]
[PlyCount "61"]
[EventDate "2011.??.??"]

1. e4 c5 2. Nf3 g6 3. d4 cxd4 4. Nxd4 Nc6 5. Nc3 Bg7 6. Be3 Nf6 7. Nxc6 bxc6 8.
e5 Ng8 9. f4 (9. Bd4 d6 (9... f6 10. f4 Qa5 11. Qd2 fxe5 12. fxe5 Bxe5 13.
O-O-O) (9... Qa5 10. Bc4 Bxe5 11. O-O) 10. exd6) 9... d6 (9... Nh6 10. Qf3) 10.
Bc4 Nh6 11. Qf3 O-O 12. O-O-O (12. O-O Nf5 13. Rad1 Rb8 14. Bb3 Nxe3 15. Qxe3
Qc7) 12... Bg4 13. Qxc6 Bxd1 14. Rxd1 Nf5 15. Bf2 Rc8 (15... h5 16. e6 fxe6 17.
Bxe6+ Kh7) 16. Qa4 h5 17. e6 Bxc3 18. exf7+ Kg7 19. bxc3 Qc7 20. Be6 Rb8 21.
Bd4+ Nxd4 22. Qxd4+ Kh7 23. f5 Qc5 24. fxg6+ Kxg6 25. Qd3+ Kh6 26. Bd5 Qf2 27.
Rf1 Qh4 28. Qe3+ (28. Qd2+ $1 Qg5 29. Rf4 Kg7 30. h4 Qe5 31. Re4 Qf6 32. g4)
28... Qg5 29. Rf4 Rb5 $4 (29... Kg7 30. c4 e5 31. Rf3 Qxe3+ 32. Rxe3 $16) 30.
h4 Qe5 31. Rf6+ 1-0

[Event "Mechanics' Litowsky TNM; 30/90, SD/30"]
[Site "San Francisco"]
[Date "2011.09.20"]
[Round "8.10"]
[White "Byambaa, Uyanga"]
[Black "Thomas, Melvin E"]
[Result "1-0"]
[WhiteElo "2073"]
[BlackElo "1606"]
[PlyCount "76"]
[EventDate "2011.??.??"]

1. e4 c5 2. Nf3 e6 3. d4 cxd4 4. Nxd4 a6 5. Nc3 d6 6. Be3 Nf6 7. Bd3 Qc7 8. f3
Be7 9. g4 Nc6 10. g5 Nxd4 11. Bxd4 Nh5 12. Qd2 Qa5 13. Rg1 e5 14. Be3 Be6 15.
a3 Rc8 16. O-O-O b5 17. Kb1 O-O 18. Nd5 Qd8 19. f4 Bxd5 20. exd5 exf4 21. Bxf4
Nxf4 22. Qxf4 Rc7 23. Rg3 g6 24. h4 f6 25. Qe3 fxg5 26. hxg5 Qd7 27. Rh1 Qe8
28. Rgh3 Bd8 29. Qg3 Qe5 30. Qxe5 dxe5 31. Bxg6 hxg6 32. Rh8+ Kf7 33. Rf1+ Kg7
34. Rfxf8 Bxg5 35. Rhg8+ Kh6 36. Re8 Bf4 37. d6 Rd7 38. Re6 Kg5 1-0

[Event "Mechanics' Litowsky TNM; 30/90, SD/30"]
[Site "San Francisco"]
[Date "2011.09.06"]
[Round "6.3"]
[White "Byambaa, Uyanga"]
[Black "Wong, Russell"]
[Result "0-1"]
[WhiteElo "2073"]
[BlackElo "2202"]
[PlyCount "48"]
[EventDate "2011.??.??"]

1. e4 c6 2. d4 d5 3. e5 Bf5 4. Nf3 e6 5. Be2 Nd7 6. O-O Qc7 7. Nc3 a6 8. Bf4
Ne7 9. h3 c5 10. dxc5 Nc6 11. Qd2 Nxc5 12. Nxd5 exd5 13. e6 Qd8 14. exf7+ Kxf7
15. Ng5+ Kg8 16. b4 Ne4 17. Nxe4 Bxe4 18. Qe3 Bg6 19. Rad1 Bf7 20. c3 Bd6 21.
Bg5 Qe8 22. Qf3 Qe5 23. g3 Qxg5 24. h4 Qf6 {remainder illegible} 0-1